| 000 | 00851nam a2200313 a 4500 | ||
|---|---|---|---|
| 001 | 40775 | ||
| 003 | AR-BaAGN | ||
| 005 | 20231222142727.0 | ||
| 007 | ta | ||
| 008 | 220625s2019 ag |||||r|||| ||||||spa d | ||
| 020 | _a978-950-23-2919-2 | ||
| 040 |
_dAR-BaAGN _aAR-BaAGN _bspa _eaacr |
||
| 100 | 1 | _aPostolski, Glenn | |
| 245 | 1 | 0 |
_aImagen y universidad : _brepresentaciones, formación e imaginarios |
| 250 | _a1ª ed. | ||
| 260 |
_aBuenos Aires : _bEudeba, _c2019. |
||
| 300 | _a192 páginas | ||
| 336 |
_2rdacontent _btxt |
||
| 337 |
_2rdamedia _bn |
||
| 338 |
_2rdacarrier _bnc |
||
| 490 | 0 | _aHistoria y memoria de la Universidad de Buenos Aires | |
| 650 | 4 |
_aCIENCIA _91531 |
|
| 650 | 4 |
_aCINE _91493 |
|
| 650 | 4 |
_aUNIVERSIDADES _91545 |
|
| 700 | 1 | _aEntel, Alicia Mabel | |
| 700 | 1 | _aSel, Susana | |
| 942 | _cLIBRO | ||
| 999 |
_c40775 _d40775 |
||